| 000 | 00930cab a2200205 4500 | ||
|---|---|---|---|
| 001 | ABS37061 | ||
| 008 | 090401t1986 xxu||||| |||| 00| 0 eng d | ||
| 035 | _a(Sirsi) u1993 | ||
| 041 | _aeng | ||
| 245 | _aThatching | ||
| 260 | _c1986 | ||
| 350 | _a0 | ||
| 490 |
_aEstates Gazette _v280 (6308), 1 November 1986 631 (1) |
||
| 520 | _aIn the Mainly for Students series the article gives a brief introduction to the subject of thatched roofs, Describes three of the materials in use and indicates what surveyors should be aware of when dealing with a thatched property in a valuation , for example costs, specification, insurance, estimating age, fire retardancy, moss and lichen treatment and methods of fixing. | ||
| 650 | _aBUILT ENVIRONMENT-BUILDING ELEMENTS-COMPLETE BUILDING ELEMENTS-ROOFS | ||
| 650 | _aTHATCHING ADVISORY SERVICE | ||
| 690 | _aBUILT ENVIRONMENT-BUILDING MATERIALS | ||
| 942 | _n0 | ||
| 948 | _c04/03/1997 | ||
| 999 |
_c1177 _d1177 |
||